01120cam a2200301 a 45000010008000000030006000080050017000140080041000310100017000720200031000890200032001200200042001520200060001940200050002540400018003040500022003220820019003442450037003632500045004002600046004453000037004914900037005285000076005655000020006416500045006617000076007067000036007824734378GBCCL20241126110615.0840410t19841977nyuc 001 0 eng  a 84047562  a0060911697 (pbk.) :c$8.95 a0690000103 (hard) :c$15.00 a0690000111 (hard : indexed) :c$18.00 a0063370018 (hard : outside U.S.A. and Canada) :c$12.50 a0063370387 (pbk. : outside U.S.A. and Canada) aDLCcDLCdDLC00aPE1591b.R73 198400a423.1219bROG00aRoget's international thesaurus. a4th ed. /brevised by Robert L. Chapman. aNew York :bHarper & Row,c[1984], c1977. axxiv, 1316 p. :bport. ;c23 cm.0 aHarper colophon books ;vCN 1169 aBased on: Thesaurus of English words and phrases / by Peter Mark Roget. aIncludes index. 0aEnglish languagexSynonyms and antonyms.1 aRoget, Peter Mark,d1779-1869.tThesaurus of English words and phrases.1 aChapman, Robert L.,d1920-2002.